| 000 | 00679nam a2200241 a 4500 | ||
|---|---|---|---|
| 999 |
_c5961 _d5961 |
||
| 001 | 5961 | ||
| 003 | BD-JhCC | ||
| 005 | 20171231134920.0 | ||
| 008 | 171231b1994 bg a|||| ||a| 000 0 ben d | ||
| 020 | _a9840730800 | ||
| 035 | _a(BD-JhCC)5961 | ||
| 040 |
_aBD-JhCC _dBD-JhCC |
||
| 041 | _aben | ||
| 082 |
_a610 _bMUT 1994 |
||
| 100 | _aমুত্তালিব, এস এ | ||
| 245 |
_aহেলমিনথস / _cএস এ মুত্তালিব |
||
| 260 |
_aঢাকা : _bবাংলা একাডেমী, _c1994. |
||
| 300 |
_a183 p. : _billu, _c22 cm. |
||
| 650 | _aMedicin and Health | ||
| 650 | _aHelminthes | ||
| 942 |
_2ddc _cBK |
||